Vespasian

Bibliographic Details
Main Author: Levick, Barbara
Format: Electronic eBook
Language:English
Published: London ; New York : Routledge, 1999.
Subjects:
Online Access:Full Text via HEAL-Link
LEADER 01105cam a2200313Ia 4500
001 9780203061893
003 FlBoTFG
005 20091230162920.0
006 a|||||s|||||||||||
007 cr||||
008 981209s1999 enka sb 001 0beng d
020 |a 9780203061893 (e-book : PDF) 
040 |a FlBoTFG  |c FlBoTFG  |d GrThAP 
043 |a e------  |a ff-----  |a aw----- 
090 |a DG289  |b .L48 1999 
092 |a 937.06092  |b L664 
100 1 |a Levick, Barbara. 
245 1 0 |a Vespasian  |h [electronic resource] /  |c Barbara Levick. 
260 |a London ;  |a New York :  |b Routledge,  |c 1999. 
300 |a xxiii, 310 p. :  |b ill. 
504 |a Includes bibliographical references (p. 282-290) and indexes. 
530 |a Also available in print edition.  |b CRC Press (http://www.crcpress.com) 
538 |a Mode of access: World Wide Web. 
600 0 0 |a Vespasian,  |c Emperor of Rome,  |d 9-79. 
650 0 |a Emperors  |z Rome  |v Biography. 
651 0 |a Rome  |x History  |y Vespasian, 69-79. 
655 7 |a Electronic books.  |2 lcsh 
776 1 |z 9780415166188 
856 4 0 |u http://www.tandfebooks.com/isbn/9780203061893  |z Full Text via HEAL-Link